Student leadership in schools : benevolent or malevolent (Record no. 77458)
[ view plain ]
| 000 -CABECERA | |
|---|---|
| campo de control de longitud fija | 00582nam a2200217 a 4500 |
| 005 - FECHA Y HORA DE LA ÚLTIMA TRANSACCIÓN | |
| campo de control | 20210219153447.0 |
| 008 - ELEMENTOS DE LONGITUD FIJA--INFORMACIÓN GENERAL | |
| campo de control de longitud fija | 991125n 000 0 u |
| 035 ## - NÚMERO DE CONTROL DEL SISTEMA | |
| Número de control de sistema | UPN01000101122 |
| 100 ## - ASIENTO PRINCIPAL--NOMBRE PERSONAL | |
| Nombre de persona | Cawood, J. |
| 222 ## - TÍTULO CLAVE | |
| Título clave | GIFTED EDUCATION INTERNATIONAL |
| 245 ## - MENCIÓN DE TÍTULO | |
| Título | Student leadership in schools : benevolent or malevolent |
| 300 ## - DESCRIPCIÓN FÍSICA | |
| Extensión | 32-35 |
| 362 ## - FECHAS DE PUBLICACIÓN Y/O DESIGNACIÓN SECUENCIAL | |
| Fecha de publicación y/o designación secuencial | 8, No. 1, 1992 |
| 505 ## - NOTA DE CONTENIDO CON FORMATO PREESTABLECIDO | |
| Nota de contenido con formato | Febrero 1993 |
| 653 0# - TERMINO DE INDIZACION - NO CONTROLADO | |
| Término no controlado | ESTUDIANTES NEGROS |
| 653 0# - TERMINO DE INDIZACION - NO CONTROLADO | |
| Término no controlado | FORMACION DE LIDEREZ |
| 653 0# - TERMINO DE INDIZACION - NO CONTROLADO | |
| Término no controlado | LIDERAZGO ESTUDIANTIL |
| 653 0# - TERMINO DE INDIZACION - NO CONTROLADO | |
| Término no controlado | REGALO |
| 904 ## - ELEMENTOS DE DATOS D LOCAL, LDD (RLIN) | |
| a | AC |
| b | 038933 |
| 905 ## - TIPO DE MATERIAL | |
| Tipo de material | Articulo |
No items available.
